000 00589nam a2200181Ia 4500
008 100920s9999 xx 000 0 und d
082 _b57561
_a28 व 7 थ 71
100 _aSingh Kartar, Singh Dhillon Gurdial.
245 _aSTORIES FROM SHIKH HISTORIES BOOK -II.
260 _bHEMKUNT PRESS, NEW DELHI.
_c1971
300 _a104
_bसाधी
365 _b13
520 _aबा.वि.स्टोरी.
630 _aSTORIES FROM SHIKH HISTORIES BOOK -II.
650 _aबा.वि.स्टोरी.
730 _aSTORIES FROM SHIKH HISTORIES BOOK -II.
942 _cBOOK
999 _c701376
_d701373